000 00932nam a2200265 i 4500
001 175539
003 ES-MaACL
005 20240127063012.0
007 t|
008 101104s1964 sp r ||||1| spa d
080 _a821.131.1 Alighieri, Dante
100 0 _aDante Alighieri,
_d1265-1321
_942657
245 1 0 _aDante :
_bestudio y antología /
_cpor Santiago Dotor.
260 _aMadrid :
_bCompañía Bibliográfica Española,
_c[1964]
300 _a220 p. ;
_c19 cm.
490 1 _aUn autor en un libro ;
_v13
504 _aBibliografía: p. 215-220.
600 0 4 _aDante Alighieri,
_d1265-1321-
_xCrítica e interpretación
_942658
700 0 _aDante Alighieri,
_d1265-1321
_942657
700 1 _aDotor, Santiago.
_9143835
710 2 _aCompañía Bibliográfica Española.
_9171207
830 1 _aUn autor en un libro ;
_v13
_9182717
852 _aES-MaACL
_jE-13436
_xOlim P-651-bis
999 _c175539
_d175539